=LDR 00000nam 2200000 4500 =001 INLIS000000000002579 =005 20130612090914 =008 ***********************************Ind** =035 ##$$0010-061300000002579 =041 ##$$a Ind =082 ##$$a 616.07 =090 ##$$a 616.07, Cut p =100 ##$$a Cutler, Paul =245 ##$$a Pemecahan masalah dalam praktek kedokteran dari data menuju diagnosis, Paul Cutler; Penerjemah, Mubasyir Hasan Basri =260 ##$$a 1991 $b Yogyakarta =300 ##$$a xxxv,731 hlm, 22 cm =650 ##$$a Fisiologi Patologis =650 ##$$a Pemecahan Masalah =700 ##$$a Basri,Mubasyir Hasan =850 ##$$a NBPNMAT